[Event "ODJM A 2017"]
[Site "Willingen GER"]
[Date "2017.06.09"]
[Round "8"]
[White "Reindl, Knut"]
[Black "Stockter, Jasper Enno"]
[Result "1/2-1/2"]
[Termination "normal"]
[Board "59"]
[WhiteElo "1687"]
[BlackElo "1559"]
[PlyCount "58"]
[WhiteFideId "12946753"]
[BlackFideId "12957291"]
[EventCountry "GER"]
[EventRounds "9"]
[EventType "swiss"]
[EventDate "2017.06.03"]

1. c4 Nf6 2. Nf3 g6 3. g3 Bg7 4. Bg2 O-O 5. O-O d6 6. Nc3 Nc6 7. Rb1 a5 8. d3
e5 9. a3 h6 10. b4 axb4 11. axb4 Be6 12. b5 Ne7 13. Bd2 Qd7 14. Qb3 Bh3 15.
Rfc1 Bxg2 16. Kxg2 Qe6 17. Nd5 Rfc8 18. b6 Nexd5 19. cxd5 Nxd5 20. bxc7 Nxc7
21. Qxb7 Nd5 22. Rb5 Nf6 23. Rc6 Kh7 24. Rxe5 dxe5 25. Rxe6 fxe6 26. Nxe5 Rf8
27. Bc3 Nd5 28. Nd7 Nxc3 29. Nxf8+ Rxf8 1/2-1/2

[Event "ODJM A 2017"]
[Site "Willingen GER"]
[Date "2017.06.09"]
[Round "8"]
[White "Wissing, Philipp"]
[Black "von Pückler, Konstantin"]
[Result "1-0"]
[Termination "normal"]
[Board "60"]
[WhiteElo "1749"]
[BlackElo "1525"]
[PlyCount "79"]
[WhiteFideId "12993654"]
[BlackFideId "16205847"]
[EventCountry "GER"]
[EventRounds "9"]
[EventType "swiss"]
[EventDate "2017.06.03"]

1. e3 e5 2. c4 g6 3. Nc3 Bg7 4. d4 d6 5. Nf3 Nd7 6. Be2 f5 7. O-O Ngf6 8. dxe5
dxe5 9. Ng5 Qe7 10. Nb5 O-O 11. Nxc7 Rb8 12. Nge6 Rf7 13. Nxg7 Rxg7 14. Nd5
Nxd5 15. Qxd5+ Kh8 16. Rd1 b6 17. b3 Bb7 18. Qd6 Re8 19. Qxe7 Rexe7 20. Bb2 Kg8
21. Rd2 Nc5 22. f3 Rd7 23. Rad1 Rxd2 24. Rxd2 Re7 25. b4 Na6 26. a3 Kf7 27. Bd1
e4 28. f4 Nc7 29. Bb3 Ke8 30. Bf6 Rd7 31. Ba4 b5 32. Rxd7 Kxd7 33. cxb5 Kd6 34.
Be5+ Kd7 35. b6+ Bc6 36. Bxc6+ Kxc6 37. bxc7 Kd7 38. b5 h5 39. a4 h4 40. a5 1-0

[Event "ODJM A 2017"]
[Site "Willingen GER"]
[Date "2017.06.09"]
[Round "8"]
[White "Baumann, Marcel"]
[Black "Ebeling, Leander"]
[Result "1/2-1/2"]
[Termination "normal"]
[Board "61"]
[WhiteElo "1712"]
[BlackElo "1630"]
[PlyCount "77"]
[WhiteFideId "12974668"]
[BlackFideId "16223179"]
[EventCountry "GER"]
[EventRounds "9"]
[EventType "swiss"]
[EventDate "2017.06.03"]

1. d4 d5 2. c4 c6 3. Nc3 Nf6 4. Nf3 dxc4 5. a4 Bf5 6. e3 e6 7. Bxc4 Bb4 8. Bd2
O-O 9. O-O Nbd7 10. h3 Bg6 11. Qb3 Qe7 12. a5 b6 13. axb6 axb6 14. Rfd1 h6 15.
Ne1 Bxc3 16. Bxc3 Ne4 17. Nf3 Bh5 18. Be2 Bxf3 19. Bxf3 Qh4 20. Qc2 f5 21. Be1
Rxa1 22. Rxa1 c5 23. dxc5 Ndxc5 24. b4 Nd7 25. Qc6 Qe7 26. Bxe4 fxe4 27. Ra7
Rd8 28. Qxb6 Nxb6 29. Rxe7 Rd1 30. Kf1 Nd5 31. Rb7 Rb1 32. b5 Kh7 33. f3 exf3
34. gxf3 Nxe3+ 35. Kf2 Nd5 36. Ba5 h5 37. Bd8 Kg6 38. b6 h4 39. Bxh4 1/2-1/2

[Event "ODJM A 2017"]
[Site "Willingen GER"]
[Date "2017.06.09"]
[Round "8"]
[White "Hoppe, Nico"]
[Black "Hinrichs, Paul"]
[Result "0-1"]
[Termination "normal"]
[Board "62"]
[WhiteElo "1583"]
[BlackElo "1916"]
[PlyCount "70"]
[WhiteFideId "16225520"]
[BlackFideId "12942545"]
[EventCountry "GER"]
[EventRounds "9"]
[EventType "swiss"]
[EventDate "2017.06.03"]

1. e4 c5 2. Nf3 d6 3. d4 cxd4 4. Nxd4 Nf6 5. Nc3 a6 6. f3 e6 7. Be3 Be7 8. Qd2
Qc7 9. Nb3 O-O 10. Be2 b5 11. f4 Bb7 12. Bd3 Nbd7 13. a3 Nc5 14. Nxc5 dxc5 15.
e5 Ng4 16. O-O-O Rfd8 17. Qe2 Nxe3 18. Qxe3 b4 19. Nb1 c4 20. Be4 c3 21. a4 Bc5
22. Qf3 Bxe4 23. Qxe4 Qb6 24. Rhe1 Bd4 25. b3 a5 26. Rd3 Ra7 27. Kd1 Rad7 28.
Ke2 Bg1 29. Rxg1 Rxd3 30. Rf1 R3d4 31. Qf3 Qc6 32. Kf2 Qa8 33. Qe3 Re4 34. Qg3
Qa7+ 35. Kf3 Re3+ 0-1

[Event "ODJM A 2017"]
[Site "Willingen GER"]
[Date "2017.06.09"]
[Round "8"]
[White "Brunner, Tobias"]
[Black "Jenner, Meikel"]
[Result "1-0"]
[Termination "normal"]
[Board "63"]
[WhiteElo "1841"]
[BlackElo "1464"]
[PlyCount "67"]
[WhiteFideId "12949833"]
[BlackFideId "16245342"]
[EventCountry "GER"]
[EventRounds "9"]
[EventType "swiss"]
[EventDate "2017.06.03"]

1. e4 Nf6 2. Nc3 d5 3. exd5 Nxd5 4. Bc4 c6 5. Qf3 Be6 6. Nge2 Qd6 7. Ne4 Qc7 8.
Nd4 Nf4 9. Nxe6 Nxe6 10. Bxe6 fxe6 11. O-O Nd7 12. Ng5 Ne5 13. Qf4 Qd6 14. Re1
h6 15. Ne4 Qb8 16. Nc5 Nd7 17. Qxb8+ Rxb8 18. Nxe6 Kf7 19. b3 Rg8 20. Bb2 g5
21. Re2 Nf6 22. Rae1 Re8 23. Ba3 Nd5 24. Nxf8 Rgxf8 25. c4 Nf4 26. Rxe7+ Rxe7
27. Rxe7+ Kf6 28. g3 Nh3+ 29. Kg2 g4 30. Re6+ Kxe6 31. Bxf8 h5 32. Bh6 Ke5 33.
Be3 a6 34. d4+ 1-0

[Event "ODJM A 2017"]
[Site "Willingen GER"]
[Date "2017.06.09"]
[Round "8"]
[White "Meyer, Nico"]
[Black "Troyke, Jannis"]
[Result "1-0"]
[Termination "normal"]
[Board "64"]
[WhiteElo "1552"]
[BlackElo "1896"]
[PlyCount "73"]
[WhiteFideId "12975257"]
[BlackFideId "12993115"]
[EventCountry "GER"]
[EventRounds "9"]
[EventType "swiss"]
[EventDate "2017.06.03"]

1. e4 c5 2. Nf3 d6 3. d4 cxd4 4. Nxd4 Nf6 5. Nc3 g6 6. Be3 Bg7 7. f3 O-O 8. Qd2
Nc6 9. O-O-O d5 10. exd5 Nxd5 11. Nxc6 bxc6 12. Nxd5 cxd5 13. Qxd5 Qc7 14. Qc5
Qb8 15. Qa3 Qc7 16. Bd4 Bf5 17. Qc3 Bh6+ 18. Kb1 Qd7 19. Bd3 Be6 20. Bc4 Bxc4
21. Qxc4 Rfc8 22. Qe2 Qb7 23. Rhe1 Qc7 24. c3 Bg5 25. Qe5 Bf6 26. Qxc7 Rxc7 27.
Bxf6 exf6 28. Rd6 Kg7 29. Red1 a5 30. Rd7 Raa7 31. Rxc7 Rxc7 32. Rd5 Ra7 33.
Kc2 f5 34. Kd3 Kf6 35. c4 a4 36. Kc3 a3 37. b4 1-0

[Event "ODJM A 2017"]
[Site "Willingen GER"]
[Date "2017.06.09"]
[Round "8"]
[White "Böhlemann, Christian"]
[Black "Köllner, Felicitas Ophelia"]
[Result "0-1"]
[Termination "normal"]
[Board "65"]
[WhiteElo "1565"]
[BlackElo "1698"]
[PlyCount "64"]
[BlackFideId "16207521"]
[EventCountry "GER"]
[EventRounds "9"]
[EventType "swiss"]
[EventDate "2017.06.03"]

1. e4 d6 2. d4 Nf6 3. Nc3 e5 4. dxe5 dxe5 5. Qxd8+ Kxd8 6. Nf3 Bd6 7. Bg5 Be6
8. Bxf6+ gxf6 9. O-O-O Nd7 10. a3 Bc5 11. Rd2 c6 12. g3 Ke7 13. Bd3 a5 14. Na4
Bd6 15. c4 Nc5 16. Nxc5 Bxc5 17. Nh4 Rhd8 18. Rhd1 Rd7 19. f3 Be3 20. Kc2 Bxd2
21. Rxd2 Rad8 22. c5 Bc4 23. Nf5+ Kf8 24. Nd6 Bxd3+ 25. Rxd3 b6 26. b4 axb4 27.
axb4 bxc5 28. bxc5 Ra8 29. h4 Ra2+ 30. Kb3 Rda7 31. Nf5 R7a3+ 32. Kc4 Rc2+ 0-1

[Event "ODJM A 2017"]
[Site "Willingen GER"]
[Date "2017.06.09"]
[Round "8"]
[White "Silini, Jalel"]
[Black "Askri, Samir"]
[Result "1/2-1/2"]
[Termination "normal"]
[Board "66"]
[WhiteElo "1581"]
[BlackElo "1796"]
[PlyCount "41"]
[WhiteFideId "16215397"]
[BlackFideId "12924938"]
[EventCountry "GER"]
[EventRounds "9"]
[EventType "swiss"]
[EventDate "2017.06.03"]

1. e4 c5 2. Nf3 d6 3. Nc3 Nf6 4. Bb5+ Bd7 5. Bxd7+ Qxd7 6. d4 cxd4 7. Nxd4 g6
8. h3 Bg7 9. Be3 O-O 10. Qd2 Nc6 11. O-O-O Rfc8 12. f4 a6 13. g4 b5 14. a3 Na5
15. Qe1 Qc7 16. Rh2 Nc4 17. Bd2 Nd7 18. Nde2 Rab8 19. e5 dxe5 20. Nd5 Qd8 21.
Bb4 1/2-1/2

[Event "ODJM A 2017"]
[Site "Willingen GER"]
[Date "2017.06.09"]
[Round "8"]
[White "Leimbach, Tim Vincent"]
[Black "Schneider, Edward"]
[Result "1/2-1/2"]
[Termination "normal"]
[Board "67"]
[WhiteElo "1640"]
[BlackElo "1675"]
[PlyCount "79"]
[WhiteFideId "12988600"]
[BlackFideId "16200870"]
[EventCountry "GER"]
[EventRounds "9"]
[EventType "swiss"]
[EventDate "2017.06.03"]

1. Nc3 d5 2. e4 d4 3. Nce2 e5 4. Ng3 Nc6 5. d3 Bd6 6. Be2 Nge7 7. Nf3 O-O 8.
O-O f5 9. exf5 Bxf5 10. Nxf5 Nxf5 11. Ng5 Qe7 12. Ne4 h6 13. Nxd6 Nxd6 14. Bf3
Rae8 15. Re1 Qf6 16. Bd5+ Kh8 17. f3 Rb8 18. Bd2 Ne7 19. Be4 Nxe4 20. Rxe4 Rfe8
21. Qe2 Ng6 22. f4 Re7 23. fxe5 Rxe5 24. Rxe5 Qxe5 25. Re1 Qxe2 26. Rxe2 Kg8
27. Re4 c5 28. Bf4 Nxf4 29. Rxf4 Rf8 30. Re4 Rf5 31. Re7 Rf7 32. Rxf7 Kxf7 33.
Kf2 Ke6 34. Kf3 Kf5 35. c3 h5 36. h3 g5 37. g4+ hxg4+ 38. hxg4+ Ke5 39. c4 a6
40. b3 1/2-1/2

[Event "ODJM A 2017"]
[Site "Willingen GER"]
[Date "2017.06.09"]
[Round "8"]
[White "Verhufen, Hendrik"]
[Black "Ziegenfuß, Larissa"]
[Result "1-0"]
[Termination "normal"]
[Board "68"]
[WhiteElo "1408"]
[BlackElo "1685"]
[PlyCount "43"]
[WhiteFideId "12975818"]
[BlackFideId "12974722"]
[EventCountry "GER"]
[EventRounds "9"]
[EventType "swiss"]
[EventDate "2017.06.03"]

1. e4 c5 2. d4 cxd4 3. c3 Nf6 4. e5 Nd5 5. cxd4 e6 6. Nf3 b6 7. Bc4 Bb7 8. O-O
Qc7 9. Bb3 d6 10. Bg5 a6 11. Nbd2 Nc6 12. Rc1 Qb8 13. Re1 Ndb4 14. Nc4 Nd5 15.
Nxd6+ Bxd6 16. Bxd5 exd5 17. exd6+ Kf8 18. Be7+ Kg8 19. Ne5 Nxe7 20. dxe7 Qd6
21. Nc4 Qc6 22. Nd6 1-0

[Event "ODJM A 2017"]
[Site "Willingen GER"]
[Date "2017.06.09"]
[Round "8"]
[White "May, Ben-Iven"]
[Black "Kolb, Tobias"]
[Result "0-1"]
[Termination "normal"]
[Board "69"]
[WhiteElo "1861"]
[BlackElo "1656"]
[PlyCount "52"]
[WhiteFideId "16229673"]
[BlackFideId "12992321"]
[EventCountry "GER"]
[EventRounds "9"]
[EventType "swiss"]
[EventDate "2017.06.03"]

1. Nf3 d5 2. g3 Nf6 3. Bg2 c5 4. d3 Bf5 5. O-O e6 6. Nbd2 Be7 7. b3 Nc6 8. Bb2
O-O 9. c4 d4 10. Nh4 Bd6 11. Nxf5 exf5 12. a3 Rc8 13. Re1 f4 14. Rb1 fxg3 15.
hxg3 Ng4 16. Ne4 f5 17. Nxd6 Qxd6 18. Bc1 f4 19. gxf4 Rxf4 20. e3 Nxf2 21. Qe2
Rf6 22. Rf1 Rcf8 23. e4 Nh3+ 24. Kh1 Rxf1+ 25. Bxf1 Rf2 26. e5 Qg6 0-1

[Event "ODJM A 2017"]
[Site "Willingen GER"]
[Date "2017.06.09"]
[Round "8"]
[White "von Freymann, Franz"]
[Black "Rohde, Niclas"]
[Result "1/2-1/2"]
[Termination "normal"]
[Board "70"]
[WhiteElo "1643"]
[BlackElo "1587"]
[PlyCount "77"]
[WhiteFideId "12994014"]
[BlackFideId "16230205"]
[EventCountry "GER"]
[EventRounds "9"]
[EventType "swiss"]
[EventDate "2017.06.03"]

1. d4 d5 2. c4 e6 3. Nc3 Nf6 4. Bg5 c6 5. Nf3 Nbd7 6. e3 Qa5 7. Nd2 Bb4 8. Qc1
Ne4 9. Ndxe4 dxe4 10. Bh4 O-O 11. Be2 e5 12. a3 Bxc3+ 13. Qxc3 Qxc3+ 14. bxc3
c5 15. d5 f5 16. a4 f4 17. O-O f3 18. gxf3 exf3 19. Bd3 Re8 20. e4 Rf8 21. a5
Rf4 22. Bg3 Rg4 23. Kh1 Rg5 24. Rfe1 Nf6 25. Re3 Bg4 26. Bh4 Rg6 27. Bxf6 Rxf6
28. Rg1 Bd7 29. Bc2 Bh3 30. Rg3 Bg2+ 31. Kg1 Ra6 32. Bd1 Rxa5 33. Bxf3 Bxf3 34.
Rexf3 Ra1+ 35. Kg2 Re1 36. Re3 Rxe3 37. Rxe3 Rf8 38. Re2 Rf7 39. Rb2 1/2-1/2

[Event "ODJM A 2017"]
[Site "Willingen GER"]
[Date "2017.06.09"]
[Round "8"]
[White "Nasoyan, Maksim"]
[Black "Kistner, Sinan"]
[Result "1-0"]
[Termination "normal"]
[Board "71"]
[WhiteElo "1917"]
[BlackElo "1560"]
[PlyCount "53"]
[WhiteFideId "16220331"]
[BlackFideId "16219643"]
[EventCountry "GER"]
[EventRounds "9"]
[EventType "swiss"]
[EventDate "2017.06.03"]

1. e4 c6 2. d4 d5 3. Nd2 dxe4 4. Nxe4 Bf5 5. Ng3 Bg6 6. h4 h6 7. Nf3 Nd7 8. h5
Bh7 9. Bd3 Bxd3 10. Qxd3 Ngf6 11. Bf4 e6 12. O-O-O Nd5 13. Bd2 Qc7 14. Kb1 Bd6
15. Ne4 N7f6 16. Nxd6+ Qxd6 17. Ne5 Nd7 18. c4 N5f6 19. Bf4 Nxe5 20. Bxe5 Qe7
21. Qg3 Rg8 22. Qb3 Ne4 23. Qc2 Nd6 24. d5 cxd5 25. cxd5 Kf8 26. dxe6 Rd8 27.
Qc5 1-0

[Event "ODJM A 2017"]
[Site "Willingen GER"]
[Date "2017.06.09"]
[Round "8"]
[White "Niemann, Leon"]
[Black "Franz, Franz Theodor"]
[Result "1-0"]
[Termination "normal"]
[Board "72"]
[WhiteElo "1567"]
[BlackElo "1341"]
[PlyCount "53"]
[WhiteFideId "16218388"]
[BlackFideId "12992674"]
[EventCountry "GER"]
[EventRounds "9"]
[EventType "swiss"]
[EventDate "2017.06.03"]

1. c4 Nf6 2. g3 g6 3. Bg2 Bg7 4. Nf3 O-O 5. O-O d6 6. Nc3 Nc6 7. d3 e5 8. e4 h6
9. Ne1 Nd4 10. f4 Re8 11. h3 Rb8 12. g4 Nh7 13. Nf3 c5 14. Nxd4 cxd4 15. Ne2 f6
16. b4 b6 17. Bd2 Re7 18. Qc1 Rc7 19. fxe5 dxe5 20. Bxh6 Bxh6 21. Qxh6 g5 22.
Ng3 Be6 23. Rf2 Rf7 24. Nh5 Rbb7 25. Raf1 Nf8 26. Nxf6+ Rxf6 27. Rxf6 1-0

[Event "ODJM A 2017"]
[Site "Willingen GER"]
[Date "2017.06.09"]
[Round "8"]
[White "Grozea, Filip"]
[Black "Brockmeyer, Tobias"]
[Result "0-1"]
[Termination "normal"]
[Board "73"]
[WhiteElo "1582"]
[BlackElo "1586"]
[PlyCount "46"]
[WhiteFideId "12958450"]
[BlackFideId "12982385"]
[EventCountry "GER"]
[EventRounds "9"]
[EventType "swiss"]
[EventDate "2017.06.03"]

1. e4 c5 2. b3 e6 3. Bb2 d5 4. exd5 exd5 5. Bb5+ Bd7 6. Bxd7+ Nxd7 7. Qe2+ Qe7
8. Qxe7+ Nxe7 9. Nc3 O-O-O 10. Nf3 f6 11. O-O Ne5 12. Nxe5 fxe5 13. f4 e4 14.
Ne2 Nf5 15. g4 Nh4 16. Kh1 Rg8 17. Ng3 Bd6 18. f5 Rdf8 19. Nh5 Rf7 20. h3 Nf3
21. Rxf3 exf3 22. Rf1 d4 23. Rxf3 g6 0-1

[Event "ODJM A 2017"]
[Site "Willingen GER"]
[Date "2017.06.09"]
[Round "8"]
[White "Werner, Tom"]
[Black "Rupp, Andreas"]
[Result "1-0"]
[Termination "normal"]
[Board "74"]
[WhiteElo "1593"]
[BlackElo "1672"]
[PlyCount "33"]
[WhiteFideId "16223756"]
[BlackFideId "16225503"]
[EventCountry "GER"]
[EventRounds "9"]
[EventType "swiss"]
[EventDate "2017.06.03"]

1. c4 e5 2. Nc3 Nc6 3. Nf3 Nf6 4. g3 h5 5. Bg2 Bc5 6. O-O d6 7. d3 Bg4 8. Rb1
Qd7 9. Bd2 Nd4 10. b4 Nxf3+ 11. exf3 Bd4 12. Nb5 Bh3 13. Nxc7+ Ke7 14. Nxa8
Rxa8 15. Be3 Bxe3 16. fxe3 Bxg2 17. Kxg2 1-0

[Event "ODJM A 2017"]
[Site "Willingen GER"]
[Date "2017.06.09"]
[Round "8"]
[White "Zha, Kevin"]
[Black "Svane, Freja"]
[Result "1-0"]
[Termination "normal"]
[Board "75"]
[WhiteElo "1591"]
[BlackElo "1446"]
[PlyCount "49"]
[WhiteFideId "16208951"]
[BlackFideId "12940100"]
[EventCountry "GER"]
[EventRounds "9"]
[EventType "swiss"]
[EventDate "2017.06.03"]

1. e4 e6 2. d4 d5 3. exd5 exd5 4. c4 Nf6 5. Nc3 Bb4 6. Nf3 O-O 7. Be2 Bf5 8.
O-O c6 9. Re1 Re8 10. Bg5 Nbd7 11. Qb3 Bxc3 12. bxc3 Qc7 13. Rac1 Be6 14. cxd5
Bxd5 15. c4 Be4 16. Nd2 Bf5 17. Bf3 Ng4 18. g3 Qa5 19. Qxb7 Qxa2 20. Bxc6 h6
21. Bxd7 hxg5 22. Bxe8 Qxd2 23. Qxf7+ Kh8 24. Qf8+ Kh7 25. Qxf5+ 1-0

[Event "ODJM A 2017"]
[Site "Willingen GER"]
[Date "2017.06.09"]
[Round "8"]
[White "Unbehend, Marius"]
[Black "Todua, Anastasia"]
[Result "0-1"]
[Termination "normal"]
[Board "76"]
[WhiteElo "1391"]
[BlackElo "1588"]
[PlyCount "68"]
[WhiteFideId "16214420"]
[BlackFideId "24174335"]
[EventCountry "GER"]
[EventRounds "9"]
[EventType "swiss"]
[EventDate "2017.06.03"]

1. e4 c5 2. Nc3 d6 3. f4 Nf6 4. Nf3 e6 5. Bb5+ Nbd7 6. O-O a6 7. Bxd7+ Bxd7 8.
d3 Be7 9. Qe1 O-O 10. e5 Nd5 11. Ne4 dxe5 12. fxe5 b5 13. Qg3 Kh8 14. Qh3 f6
15. exf6 Bxf6 16. Neg5 Bxg5 17. Bxg5 Qe8 18. Ne5 Rf5 19. Rxf5 exf5 20. Nxd7
Qxd7 21. Re1 Nb4 22. Qf3 Rf8 23. Re7 Qd4+ 24. Be3 Qxb2 25. Bxc5 Nxc2 26. Rf7
Re8 27. Rf8+ Rxf8 28. Bxf8 Qxa2 29. Ba3 Qb1+ 30. Qf1 Qxf1+ 31. Kxf1 Nxa3 32. d4
b4 33. d5 Nc4 34. Ke1 b3 0-1

[Event "ODJM A 2017"]
[Site "Willingen GER"]
[Date "2017.06.09"]
[Round "8"]
[White "Khanbekyan, Areg"]
[Black "Wastian, Mareike"]
[Result "1/2-1/2"]
[Termination "normal"]
[Board "77"]
[WhiteElo "1647"]
[BlackElo "1711"]
[PlyCount "74"]
[WhiteFideId "12993727"]
[BlackFideId "12947423"]
[EventCountry "GER"]
[EventRounds "9"]
[EventType "swiss"]
[EventDate "2017.06.03"]

1. e4 d5 2. exd5 Nf6 3. Nf3 Bg4 4. h3 Bh5 5. d4 Qxd5 6. Be2 e6 7. O-O Nc6 8. c4
Qd6 9. Be3 Be7 10. Nc3 a6 11. d5 exd5 12. cxd5 Nb4 13. Bc4 O-O-O 14. Qe2 Nbxd5
15. Nxd5 Nxd5 16. Rfd1 Qc6 17. Rac1 Nxe3 18. Rxd8+ Rxd8 19. Qxe3 Bc5 20. Qf4
Kb8 21. Qg5 f6 22. Qxh5 b5 23. Bxb5 Bxf2+ 24. Kxf2 Qxc1 25. Bxa6 Qxb2+ 26. Kg3
Ka8 27. Qa5 Qb6 28. Qa4 Kb8 29. Bb5 Rd5 30. Bc6 Ra5 31. Qe4 Ka7 32. Qe8 Qb8 33.
Qe2 Qb6 34. Qc2 Rc5 35. Qa4+ Ra5 36. Qc2 Rc5 37. Qa4+ Ra5 1/2-1/2

[Event "ODJM A 2017"]
[Site "Willingen GER"]
[Date "2017.06.09"]
[Round "8"]
[White "Seinsoth, Paul"]
[Black "Nimptsch, Nikolas"]
[Result "0-1"]
[Termination "normal"]
[Board "79"]
[WhiteElo "1455"]
[BlackElo "1536"]
[PlyCount "82"]
[WhiteFideId "12994634"]
[BlackFideId "16245334"]
[EventCountry "GER"]
[EventRounds "9"]
[EventType "swiss"]
[EventDate "2017.06.03"]

1. c4 Nf6 2. Nc3 e6 3. g3 Be7 4. Bg2 O-O 5. Nf3 b6 6. Ne5 c6 7. O-O Bb7 8. a3
d6 9. Nf3 Nbd7 10. b4 Qc7 11. Qb3 Rac8 12. d3 c5 13. Nb5 Qb8 14. Bb2 a6 15. Nc3
Qa8 16. b5 Ne5 17. Ne1 Bxg2 18. Nxg2 Rfd8 19. Na4 Ned7 20. Rad1 d5 21. e3 e5
22. Nh4 Rc7 23. Nf5 Bf8 24. Rc1 d4 25. e4 Ra7 26. Ba1 axb5 27. Nb2 Rxa3 28. Qd1
b4 29. Qd2 Ra2 30. Qg5 Kh8 31. g4 Qa3 32. Rb1 Rxb2 33. Bxb2 Qxd3 34. Ra1 Qxe4
35. f3 Qc2 36. Ra2 Qxc4 37. Rfa1 Qd5 38. h4 Qxf3 39. Ra8 Rxa8 40. Rxa8 Qxa8 41.
h5 Qf3 0-1

[Event "ODJM A 2017"]
[Site "Willingen GER"]
[Date "2017.06.09"]
[Round "8"]
[White "Loßin, Charlotte"]
[Black "Hungeling, David"]
[Result "1-0"]
[Termination "normal"]
[Board "80"]
[WhiteElo "1524"]
[BlackElo "1482"]
[PlyCount "65"]
[WhiteFideId "16218345"]
[BlackFideId "16222440"]
[EventCountry "GER"]
[EventRounds "9"]
[EventType "swiss"]
[EventDate "2017.06.03"]

1. d4 e6 2. c4 d5 3. Nc3 Nf6 4. Bg5 Bb4 5. cxd5 exd5 6. e3 O-O 7. Bd3 Nc6 8.
Nf3 Bg4 9. O-O Bxc3 10. bxc3 h6 11. Bh4 Re8 12. Be2 Qd6 13. Bxf6 Qxf6 14. Qb3
Qd6 15. h3 Bc8 16. c4 Na5 17. Qb5 Nxc4 18. Qxe8+ Qf8 19. Qxf8+ Kxf8 20. Bxc4
dxc4 21. a4 c6 22. a5 Rb8 23. Rfc1 Be6 24. Ne5 Rc8 25. Nxc4 Bxc4 26. Rxc4 b5
27. axb6 axb6 28. Rac1 b5 29. Rxc6 Rb8 30. Rc8+ Rxc8 31. Rxc8+ Ke7 32. Rb8 b4
33. Rxb4 1-0

[Event "ODJM A 2017"]
[Site "Willingen GER"]
[Date "2017.06.10"]
[Round "9"]
[White "Reuker, Jari"]
[Black "Shopanov, Akzhan"]
[Result "1-0"]
[Termination "normal"]
[Board "1"]
[WhiteElo "2169"]
[BlackElo "2091"]
[WhiteClock "00:14:41"]
[BlackClock "00:42:26"]
[PlyCount "125"]
[WhiteFideId "12909300"]
[BlackFideId "13713272"]
[EventCountry "GER"]
[EventRounds "9"]
[EventType "swiss"]
[EventDate "2017.06.03"]

1. e4 {[%clk 1:30:57]} 1... c5 {[%clk 1:30:56]} 2. Nf3 {[%clk 1:31:22]} 2...
Nc6 {[%clk 1:31:22]} 3. d4 {[%clk 1:31:46]} 3... cxd4 {[%clk 1:31:48]} 4. Nxd4
{[%clk 1:32:11]} 4... Nf6 {[%clk 1:32:15]} 5. Nc3 {[%clk 1:32:34]} 5... e5 {
[%clk 1:32:42]} 6. Ndb5 {[%clk 1:32:59]} 6... d6 {[%clk 1:33:07]} 7. Bg5 {
[%clk 1:33:21]} 7... a6 {[%clk 1:33:33]} 8. Na3 {[%clk 1:33:45]} 8... b5 {
[%clk 1:33:59]} 9. Nd5 {[%clk 1:34:00]} 9... Be7 {[%clk 1:34:25]} 10. Bxf6 {
[%clk 1:34:24]} 10... Bxf6 {[%clk 1:34:51]} 11. c4 {[%clk 1:34:49]} 11... b4 {
[%clk 1:35:17]} 12. Nc2 {[%clk 1:35:11]} 12... a5 {[%clk 1:35:43]} 13. Qf3 {
[%clk 1:35:33]} 13... Be6 {[%clk 1:36:08]} 14. Rd1 {[%clk 1:35:56]} 14... a4 {
[%clk 1:36:36]} 15. c5 {[%clk 1:12:06]} 15... Qa5 {[%clk 1:32:56]} 16. b3 {
[%clk 1:07:44]} 16... Bxd5 {[%clk 1:26:53]} 17. Rxd5 {[%clk 0:38:02]} 17... Ne7
{[%clk 1:17:32]} 18. Rd1 {[%clk 0:32:14]} 18... dxc5 {[%clk 1:15:27]} 19. Bc4 {
[%clk 0:32:07]} 19... O-O {[%clk 1:14:14]} 20. Ne3 {[%clk 0:27:00]} 20... axb3
{[%clk 1:01:59]} 21. axb3 {[%clk 0:27:01]} 21... Rad8 {[%clk 1:02:18]} 22. O-O
{[%clk 0:25:29]} 22... Rxd1 {[%clk 0:53:16]} 23. Rxd1 {[%clk 0:25:50]} 23...
Bg5 {[%clk 0:52:37]} 24. Nf5 {[%clk 0:21:53]} 24... Nxf5 {[%clk 0:46:48]} 25.
Qxf5 {[%clk 0:22:06]} 25... Bf6 {[%clk 0:47:10]} 26. g3 {[%clk 0:19:23]} 26...
Qb6 {[%clk 0:45:13]} 27. Rd7 {[%clk 0:18:17]} 27... g6 {[%clk 0:41:54]} 28.
Rxf7 {[%clk 0:15:07]} 28... Rxf7 {[%clk 0:40:49]} 29. Qd7 {[%clk 0:15:27]}
29... Qd8 {[%clk 0:40:44]} 30. Qxf7+ {[%clk 0:15:45]} 30... Kh8 {[%clk 0:41:11]
} 31. Kg2 {[%clk 0:14:32]} 31... Bg7 {[%clk 0:41:13]} 32. h4 {[%clk 0:14:41]}
32... Qf8 {[%clk 0:41:15]} 33. Qe6 {[%clk 0:14:10]} 33... Bf6 {[%clk 0:40:32]}
34. Bd5 {[%clk 0:11:48]} 34... Kg7 {[%clk 0:39:25]} 35. Qd7+ {[%clk 0:07:54]}
35... Qe7 {[%clk 0:39:39]} 36. Qc8 {[%clk 0:08:16]} 36... Qf8 {[%clk 0:39:53]}
37. Qg4 {[%clk 0:08:29]} 37... Qe7 {[%clk 0:39:08]} 38. h5 {[%clk 0:08:45]}
38... Kh6 {[%clk 0:36:21]} 39. hxg6 {[%clk 0:07:49]} 39... hxg6 {[%clk 0:36:45]
} 40. Qc8 {[%clk 0:07:35]} 40... Kg7 {[%clk 0:35:04]} 41. Qg8+ {[%clk 0:04:37]}
41... Kh6 {[%clk 0:35:18]} 42. Qc8 {[%clk 0:02:15]} 42... Kg7 {[%clk 0:33:22]}
43. Kf1 {[%clk 0:01:41]} 43... Qa7 {[%clk 0:33:13]} 44. Qg8+ {[%clk 0:01:28]}
44... Kh6 {[%clk 0:33:39]} 45. Qf8+ {[%clk 0:01:16]} 45... Bg7 {[%clk 0:29:30]}
46. Qd8 {[%clk 0:01:20]} 46... g5 {[%clk 0:29:49]} 47. Kg2 {[%clk 0:00:51]}
47... Qa6 {[%clk 0:29:16]} 48. Qd7 {[%clk 0:26:41]} 48... Qg6 {[%clk 0:58:09]}
49. Qc8 {[%clk 0:24:17]} 49... g4 {[%clk 0:56:54]} 50. Qxc5 {[%clk 0:23:56]}
50... Qf6 {[%clk 0:56:34]} 51. Qe3+ {[%clk 0:20:51]} 51... Kg6 {[%clk 0:54:50]}
52. Qe2 {[%clk 0:20:37]} 52... Kh5 {[%clk 0:53:08]} 53. Bc4 53... Bf8 { [%clk
0:52:25]} 54. Qe3 {[%clk 0:17:42]} 54... Bh6 {[%clk 0:52:22]} 55. Qd3 { [%clk
0:15:55]} 55... Bf8 {[%clk 0:52:28]} 56. Qd5 56... Qf3+ {[%clk 0:50:43]} 57.
Kg1 {[%clk 0:16:04]} 57... Bg7 {[%clk 0:51:05]} 58. Bb5 {[%clk 0:15:20]} 58...
Qf6 {[%clk 0:46:36]} 59. Bd7 {[%clk 0:14:27]} 59... Bf8 {[%clk 0:42:22]} 60.
Bf5 {[%clk 0:14:04]} 60... Bg7 {[%clk 0:42:08]} 61. Kg2 {[%clk 0:14:09]} 61...
Bf8 {[%clk 0:42:19]} 62. Qd1 {[%clk 0:14:17]} 62... Qg5 {[%clk 0:42:26]} 63.
Qh1+ {[%clk 0:14:41]} 1-0